000 00705cam a2200205 4500500
005 20260111080324.0
041 _afre
042 _adc
100 1 0 _aCalmette, Jean-François
_eauthor
245 0 0 _aLes apports de Pierre Lalumière à la compréhension des Finances publiques et de ses acteurs
260 _c2019.
500 _a17
690 _aConstitution de 1958
690 _adécentralisation
690 _afinances de l’État
690 _aParlement
690 _aRCB
786 0 _nGestion & Finances Publiques | 2 | 2 | 2019-03-01 | p. 87-97 | 1969-1009
856 4 1 _uhttps://droit.cairn.info/revue-gestion-et-finances-publiques-2019-2-page-87?lang=fr&redirect-ssocas=7080
999 _c1616148
_d1616148